Aportaciones teóricas y metodológicas a la educación musical: una selección de autores relevantes
Saved in:
| Main Authors: | , |
|---|---|
| Format: | Book |
| Language: | Spanish |
| Published: |
Barcelona
Graó
2007
|
| Edition: | 1a. ed |
| Series: | Biblioteca de Eufonía, 240
|
| Subjects: | |
| Tags: |
Add Tag
No Tags, Be the first to tag this record!
|
MARC
| LEADER | 00000cam a2200000 a 4500 | ||
|---|---|---|---|
| 001 | UCD7025 | ||
| 003 | CL-VaPUC | ||
| 008 | 170303e20071000sp |||||||||||||||||spa|d | ||
| 020 | |a 9788478275199 | ||
| 082 | 0 | 4 | |a 372.87 |b DIA |2 21 |
| 100 | 0 | |a Díaz, Maravillas |e author |9 590969 | |
| 700 | |a Giráldez Hayes, Andrea |e author |9 602143 | ||
| 245 | 1 | 0 | |a Aportaciones teóricas y metodológicas a la educación musical: una selección de autores relevantes |
| 250 | |a 1a. ed | ||
| 300 | |a 283 p | ||
| 942 | |c BK | ||
| 945 | |d 20170303 17:35:00 |a arojas | ||
| 260 | |a Barcelona |b Graó |c 2007 | ||
| 650 | 0 | |a Psicología del aprendizaje |9 306854 | |
| 650 | 0 | |a Educación musical |9 310072 | |
| 650 | 0 | |a Teoría de la educación |9 309368 | |
| 650 | 0 | |a Elementos musicales |9 306544 | |
| 583 | |a last modification |c 20170303 17:35:00 |k Rodrigo Vera | ||
| 490 | 0 | |a Biblioteca de Eufonía, 240 | |
| 999 | |c 367192 |d 367190 | ||
| 952 | |0 0 |1 0 |3 erb |4 0 |6 372_870000000000000_DIA_2007 |7 0 |8 A |9 481886 |a BIBEDU |b BIBEDU |i 5362148 |o 372.87 DIA 2007 |p 5362148 |r 2019-11-24 |w 2019-11-24 |y BK |z Catalogado en:20170303 |k EBA | ||